000 00961nam a22002657a 4500
999 _c13619
_d13619
003 MIRAKIL
005 20211214000616.0
008 191120b tu ||||| |||| 00| 0 tur d
020 _a9786056966200
040 _aTR-AnCHP
_btur
_cTR-AnCHP
041 _atur
082 _a923.2561 Özal,T.
_bA74t 2019
100 _aAşık, Süleyman
245 _aTürk siyasi tarihinde ANAP ve Turgut Özal/
_cSüleyman Aşık.
260 _aİstanbul:
_bKopernik,
_c2019.
300 _a459 s.:
_c21 sm.
490 _aKopernik kitap;
_aSiyasi tarih;
_v117.
_v6.
504 _aKaynakça ve dizin vardır.
600 _aÖzal, Turgut
_cTürkiye Cumhuriyeti 8. Cumhurbaşkanı
_d1927-1993
_xSiyasi yaşamöyküsü
610 0 _96113
_aAnavatan Partisi (ANAP)
_xKuruluş
_xTarih
610 0 _96113
_aAnavatan Partisi (ANAP)
_xPropaganda ve ideolojiler
650 0 _aSiyaset ve yönetim
_xTürkiye
_y1980-
_99
650 0 _aSiyasi partiler
_xTarih
_9804
_zTürkiye
942 _2ddc
_cBKS